000 00515nam a22001817a 4500
003 UA-OsUOA
001 16936
007 ta
008 20040203b un ||||| |||| 00| 0 ukr d
100 _aКуліш Л.
942 _cSA
040 _aUA-OsUOA
_cUA-OsUOA
_dUA-OsUOA
245 _aЗдрастуй, "Старий друже": [Гумореска]
300 _aС.8
955 _a0
773 0 _w0
_tСарненські новини
_dСарни
_d2004
_g№1/3/1 січ./
650 7 _aГуморески
_2UDC
999 _c303104
_d303104